Operation Research and Quantitative Techniques / (Record no. 32234)

000 -LEADER
fixed length control field 00537 a2200193 4500
003 - CONTROL NUMBER IDENTIFIER
control field OSt
005 - DATE AND TIME OF LATEST TRANSACTION
control field 20260318144902.0
008 - FIXED-LENGTH DATA ELEMENTS--GENERAL INFORMATION
fixed length control field 260318b ||||| |||| 00| 0 eng d
020 ## - INTERNATIONAL STANDARD BOOK NUMBER
International Standard Book Number 978-93-5062-180-6
040 ## - CATALOGING SOURCE
Transcribing agency .
082 ## - DEWEY DECIMAL CLASSIFICATION NUMBER
Classification number 658.4034
Item number A655
100 ## - MAIN ENTRY--PERSONAL NAME
9 (RLIN) 6707
Personal name Apte, D. P.
245 ## - TITLE STATEMENT
Title Operation Research and Quantitative Techniques /
Statement of responsibility, etc. D. P. Apte
260 ## - PUBLICATION, DISTRIBUTION, ETC.
Name of publisher, distributor, etc. Excel Publications,
Place of publication, distribution, etc. New Delhi :
Date of publication, distribution, etc. 2013.
300 ## - PHYSICAL DESCRIPTION
Extent 744 p.
650 #0 - SUBJECT ADDED ENTRY--TOPICAL TERM
9 (RLIN) 1132
Topical term or geographic name entry element Operations research
9 (RLIN) 4912
Topical term or geographic name entry element Quantitative Aptitude
942 ## - ADDED ENTRY ELEMENTS (KOHA)
Source of classification or shelving scheme
Koha item type Books
Holdings
Withdrawn status Lost status Source of classification or shelving scheme Damaged status Not for loan Collection code Permanent Location Current Location Shelving location Date acquired Source of acquisition Cost, normal purchase price Full call number Barcode Date last seen Cost, replacement price Price effective from Koha item type
          Non-fiction IMU Kolkata IMU Kolkata Reference 2026-03-27 5 800.04 658.4034 A655 15097 2026-03-27 1200.00 2026-03-27 Books
          Non-fiction IMU Kolkata IMU Kolkata   2026-03-27 5 800.04 658.4034 A655 15098 2026-03-27 1200.00 2026-03-27 Books
Designed and Maintained by IMU-KC Library, Kolkata Campus © Copyright All Rights Reserved

webs counters

Powered by Koha